000 01058nam a22003497a 4500
003 DO-SdBNP
005 20230526105923.0
007 ta
008 230526b1977 sp ||||| |||| 00| 0 spa d
040 _aDO-SdBNP
_bspa
_cBNPHU
_erda
049 _aBNGR
082 4 _a863.6
_bV181g, 1977
_222
100 1 _aValle-Inclán, Ramón del,
_d1866-1936.
_93325
_eautor
245 1 0 _aGerifaltes de Antaño /
_cRamón del Valle-Inclán.
250 _a4a ed.
264 _aMadrid :
_bEspasa-Calpe,
_c1977.
300 _a139 páginas ;
_c18 cm.
336 _2rdacontent
_atexto
_btxt
337 _2rdamedia
_asin mediación
_bn
338 _2rdacarrier
_avolumen
_bnc
490 _aAustral
_v520
490 1 _aLa guerra carlista
500 _aIncluye índice de autores
590 _aInventariado, 2023/BT
650 4 _aNovela española
_91123
650 4 _aLiteratura española
_9632
830 _941660
830 0 _aAustral.
_pAzul: novelas y cuentos en general;
_v520
_922386
830 3 _aLa guerra Carlista
_941860
910 _aBtavárez
942 _2ddc
_cLBS1
999 _c53622
_d53622